| 000 | 00416nam a22001457a 4500 | ||
|---|---|---|---|
| 020 | _a9789811021336 | ||
| 040 | _cNUST | ||
| 082 |
_a604.7 _bAER |
||
| 100 |
_aPrasad, N. Eswara _9127890 |
||
| 245 |
_aAerospace Materials and Materials Technologies/ _cN. Eswara Prasad |
||
| 260 |
_aSingapore ; _bSpringer , _c2017. |
||
| 300 |
_a586p. ; _bHardbinding, _c24cm. |
||
| 700 |
_aWanhill, R.J.H. _9127891 |
||
| 942 |
_2ddc _cBK |
||
| 999 |
_c612903 _d612903 |
||